[Event "Sao Paulo-chT"]
[Site "Sao Paulo"]
[Date "2019.03.09"]
[Round "5.4"]
[White "Nascimento, Roberto"]
[Black "Salama, Andre Sasson"]
[Result "0-1"]
[WhiteElo "2115"]
[BlackElo "2017"]
[PlyCount "48"]
[EventDate "2019.02.23"]
[EventType "team-tourn"]
[EventRounds "7"]
[EventCountry "BRA"]
[SourceTitle "CBM 189 Extra"]
[Source "ChessBase"]
[SourceDate "2019.06.03"]
[SourceVersion "1"]
[SourceVersionDate "2019.06.03"]
[SourceQuality "1"]
[WhiteTeam "Sao Jose FIP"]
[BlackTeam "Hebraica"]
[WhiteTeamCountry "BRA"]
[BlackTeamCountry "BRA"]

1. c4 Nf6 2. Nf3 e6 3. d4 b6 4. g3 Bb7 5. Bg2 Bb4+ 6. Nbd2 0-0 7. 0-0 d5 8. a3 Be7 9. b4 Nbd7 10. Bb2 Re8 11. Re1 Nf8 12. c5 Ng6 13. e4 Nxe4 14. Nxe4 dxe4 15. Nd2 f5 16. f3 Bf6 17. cxb6 Bxd4+ 18. Bxd4 Qxd4+ 19. Kh1 exf3 20. Nxf3 Qxd1 21. Raxd1 axb6 22. Rd7 Rxa3 23. Nd4 Bxg2+ 24. Kxg2 Rd3 0-1

[Event "Paulista-chT"]
[Site "Sao Paulo"]
[Date "2018.02.17"]
[Round "2.3"]
[White "Madeira, Wagner Martins"]
[Black "Salama, Andre Sasson"]
[Result "1-0"]
[WhiteElo "2163"]
[BlackElo "2017"]
[PlyCount "49"]
[EventDate "2018.02.17"]
[EventType "team-tourn"]
[EventRounds "7"]
[EventCountry "BRA"]
[SourceTitle "CBM 183 Extra"]
[Source "ChessBase"]
[SourceDate "2018.04.19"]
[SourceVersion "1"]
[SourceVersionDate "2018.04.19"]
[SourceQuality "1"]
[WhiteTeam "Osasco"]
[BlackTeam "Hebraica"]
[WhiteTeamCountry "BRA"]
[BlackTeamCountry "BRA"]

1. e4 c5 2. c3 Nc6 3. d4 cxd4 4. cxd4 d5 5. exd5 Qxd5 6. Nf3 Nf6 7. Nc3 Qd6 8. d5 Nb4 9. Bb5+ Bd7 10. Bxd7+ Nxd7 11. a3 Na6 12. 0-0 g6 13. Qd4 Qf6 14. Qc4 Bg7 15. Bg5 Qb6 16. Rfe1 Bf6 17. d6 Qxd6 18. Ne4 Qb6 19. Nxf6+ Nxf6 20. Qa4+ Kf8 21. Bh6+ Kg8 22. Rxe7 Nc5 23. Qc4 Ne6 24. Re1 Re8 25. R1xe6 1-0

[Event "Paulista-chT"]
[Site "Sao Paulo"]
[Date "2018.02.17"]
[Round "1.2"]
[White "Salama, Andre Sasson"]
[Black "De Bona, Glauber"]
[Result "0-1"]
[WhiteElo "2017"]
[BlackElo "1972"]
[PlyCount "104"]
[EventDate "2018.02.17"]
[EventType "team-tourn"]
[EventRounds "7"]
[EventCountry "BRA"]
[SourceTitle "CBM 183 Extra"]
[Source "ChessBase"]
[SourceDate "2018.04.19"]
[SourceVersion "1"]
[SourceVersionDate "2018.04.19"]
[SourceQuality "1"]
[WhiteTeam "Hebraica"]
[BlackTeam "Caetano CDRSJ"]
[WhiteTeamCountry "BRA"]
[BlackTeamCountry "BRA"]

1. e4 c5 2. Nf3 e6 3. d3 Nc6 4. g3 Be7 5. Bg2 d6 6. 0-0 Nf6 7. Re1 0-0 8. Nbd2 Bd7 9. c3 Qc7 10. a4 Ne5 11. Nc4 Nxc4 12. dxc4 Bc6 13. Qc2 b6 14. Bf4 Qb7 15. Nd2 a5 16. Rad1 Rad8 17. Nf1 h6 18. f3 Rfe8 19. Rd2 Bf8 20. b3 d5 21. Red1 d4 22. cxd4 cxd4 23. Be5 Bb4 24. Rd3 Bc5 25. Bxd4 Rxd4 26. Rxd4 e5 27. Kh1 exd4 28. Nd2 Nd7 29. Re1 Ne5 30. f4 Ng4 31. Bf3 Nf2+ 32. Kg2 f5 33. e5 Ng4 34. Qd3 Ne3+ 35. Kf2 Bb4 36. Bxc6 Qxc6 37. Rg1 Ng4+ 38. Ke2 Bxd2 39. Kxd2 Qe4 40. Re1 Ne3 41. Re2 Rd8 42. Re1 Qg2+ 43. Re2 Qg1 44. Re1 Qxh2+ 45. Kc1 Qxg3 46. Qd2 Qxf4 47. e6 Ng2 48. e7 Re8 49. Re6 Kf7 50. Rxb6 Rxe7 51. Qxf4 Nxf4 52. Rb5 Re5 0-1

[Event "Sao Paulo Interclubs Paulista"]
[Site "Sao Paulo"]
[Date "2017.03.05"]
[Round "3.4"]
[White "Madeira, Wagner Martins"]
[Black "Salama, Andre Sasson"]
[Result "1-0"]
[WhiteElo "2224"]
[BlackElo "2155"]
[PlyCount "95"]
[EventDate "2017.03.04"]
[EventType "team-tourn"]
[EventRounds "7"]
[EventCountry "BRA"]
[SourceTitle "CBM 177 Extra"]
[Source "ChessBase"]
[SourceDate "2017.04.27"]
[SourceVersion "1"]
[SourceVersionDate "2017.04.27"]
[SourceQuality "1"]
[WhiteTeam "Osasco"]
[BlackTeam "Hebraica"]
[WhiteTeamCountry "BRA"]
[BlackTeamCountry "BRA"]

1. e4 e5 2. Nf3 Nc6 3. d4 exd4 4. Nxd4 Nf6 5. Nxc6 dxc6 6. Qxd8+ Kxd8 7. f3 Bd6 8. Be3 Be6 9. Nd2 Nd7 10. Nc4 Bc5 11. Bf4 Nb6 12. Ne3 Bd6 13. 0-0-0 Ke7 14. e5 Bc5 15. Bd3 Nd5 16. Bg5+ f6 17. exf6+ gxf6 18. Nxd5+ cxd5 19. Rhe1 Kf7 20. Bf4 c6 21. Re2 Rae8 22. Rde1 Bd7 23. Rxe8 Bxe8 24. c4 d4 25. a3 a5 26. Bd2 b6 27. Bf5 Bd6 28. g3 h5 29. f4 Kf8 30. Re4 c5 31. Re6 Bc7 32. Rxf6+ Ke7 33. Re6+ Kf7 34. Re1 Bc6 35. Kc2 Rd8 36. Be4 Bd7 37. b4 axb4 38. axb4 b5 39. bxc5 bxc4 40. Bd5+ Kf6 41. Bxc4 Ra8 42. Rc1 Bf5+ 43. Kd1 h4 44. Ke2 Ra3 45. Kf2 Be4 46. Be2 Ra2 47. Ke1 Ke6 48. Bc4+ 1-0

[Event "Sao Paulo Gansl op 8th"]
[Site "Sao Paulo"]
[Date "2016.04.30"]
[Round "3"]
[White "Jenidarchiche, Douglas Rodrigo"]
[Black "Salama, Andre Sasson"]
[Result "1/2-1/2"]
[WhiteElo "1792"]
[BlackElo "2009"]
[PlyCount "127"]
[EventDate "2016.04.29"]
[EventType "swiss"]
[EventRounds "6"]
[EventCountry "BRA"]
[SourceTitle "CBM 172 Extra"]
[Source "ChessBase"]
[SourceDate "2016.06.21"]
[SourceVersion "1"]
[SourceVersionDate "2016.06.21"]
[SourceQuality "1"]

1. e4 c5 2. Nc3 Nc6 3. f4 e6 4. Nf3 d5 5. d3 Nge7 6. g3 dxe4 7. Nxe4 Nf5 8. Bg2 Be7 9. Bd2 0-0 10. 0-0 b5 11. a3 Bb7 12. g4 Nfd4 13. Be3 Rc8 14. c3 Nxf3+ 15. Bxf3 Nb8 16. d4 cxd4 17. Bxd4 a6 18. Qe2 Bd5 19. Nd2 Nc6 20. Be3 Na5 21. Rad1 Bxf3 22. Nxf3 Qc7 23. Nd4 Nc4 24. Bc1 Bc5 25. Kh1 Rfd8 26. Nf3 g6 27. Ne5 Qb7+ 28. Qg2 Qxg2+ 29. Kxg2 Nb6 30. Nd3 Bd6 31. Ne5 f6 32. Nf3 Bc5 33. Nd2 Nd5 34. Nb3 Bb6 35. Rfe1 Kf7 36. Kf3 a5 37. Nd4 Bxd4 38. Rxd4 Nb6 39. Red1 Rxd4 40. Rxd4 Ke7 41. Ke4 f5+ 42. Kf3 Nd5 43. Bd2 a4 44. h3 Rd8 45. c4 bxc4 46. Rxc4 Rb8 47. Bc3 Rb3 48. Rxa4 Nxc3 49. bxc3 Rxc3+ 50. Kg2 fxg4 51. hxg4 Kf6 52. Ra5 h6 53. g5+ hxg5 54. fxg5+ Ke7 55. Ra7+ Kd6 56. Rg7 Rxa3 57. Rxg6 Ke5 58. Rg8 Kf5 59. Kf2 Rh3 60. g6 Kf6 61. g7 Rh7 62. Kf3 Rxg7 63. Rxg7 Kxg7 64. Ke4 1/2-1/2

[Event "Sao Paulo Gansl op 8th"]
[Site "Sao Paulo"]
[Date "2016.04.29"]
[Round "2"]
[White "Salama, Andre Sasson"]
[Black "Teshima, Ricardo Yoshida"]
[Result "1-0"]
[WhiteElo "2009"]
[BlackElo "1813"]
[PlyCount "33"]
[EventDate "2016.04.29"]
[EventType "swiss"]
[EventRounds "6"]
[EventCountry "BRA"]
[SourceTitle "CBM 172 Extra"]
[Source "ChessBase"]
[SourceDate "2016.06.21"]
[SourceVersion "1"]
[SourceVersionDate "2016.06.21"]
[SourceQuality "1"]

1. e4 e6 2. d3 d5 3. Nd2 Bd6 4. g3 Nd7 5. Bg2 Ne7 6. Ngf3 c5 7. 0-0 b5 8. Re1 0-0 9. h4 Nc6 10. Nf1 Rb8 11. exd5 exd5 12. Ng5 Nf6 13. Nh2 h6 14. Nh3 Nd4 15. Nf4 Bxf4 16. Bxf4 Ne6 17. Bxb8 1-0

[Event "Sao Paulo Salles Cup 7th"]
[Site "Sao Paulo"]
[Date "2016.03.20"]
[Round "5"]
[White "Salama, Andre Sasson"]
[Black "Dos Reis, Leandro Aparecido C"]
[Result "1-0"]
[WhiteElo "2001"]
[BlackElo "1915"]
[PlyCount "139"]
[EventDate "2016.03.18"]
[EventType "swiss"]
[EventRounds "6"]
[EventCountry "BRA"]
[SourceTitle "CBM 171 Extra"]
[Source "ChessBase"]
[SourceDate "2016.04.26"]
[SourceVersion "1"]
[SourceVersionDate "2016.04.26"]
[SourceQuality "1"]

1. e4 c5 2. Nf3 a6 3. c4 d6 4. d4 cxd4 5. Nxd4 Nf6 6. Nc3 g6 7. Be2 Nc6 8. 0-0 Bg7 9. Nc2 0-0 10. Be3 Be6 11. Qd2 Rc8 12. f3 Na5 13. b3 Nd7 14. Nd4 Nc6 15. Nxe6 fxe6 16. Rad1 Qa5 17. Na4 Qxd2 18. Rxd2 e5 19. c5 Nd4 20. Bc4+ Kh8 21. Bxd4 exd4 22. Be6 Rcd8 23. cxd6 exd6 24. Bxd7 Rxd7 25. Rc2 Rdd8 26. Nb6 d3 27. Rc4 Bh6 28. Kf2 d5 29. Nxd5 Rc8 30. Ne3 b5 31. Rcc1 Rce8 32. Rc3 Rxe4 33. Rxd3 Bxe3+ 34. Rxe3 Rxe3 35. Kxe3 Rc8 36. Rf2 Kg7 37. Kd3 a5 38. Rc2 Rd8+ 39. Ke3 a4 40. bxa4 bxa4 41. Rc4 a3 42. Rc3 Ra8 43. Kd3 Rd8+ 44. Kc2 Re8 45. Kd2 Rd8+ 46. Ke2 Re8+ 47. Kf2 Ra8 48. h4 Ra4 49. g3 Kf6 50. Ke3 h6 51. Kd3 g5 52. Rc6+ Kg7 53. hxg5 hxg5 54. Kc3 g4 55. f4 Kf7 56. Kb3 Ra8 57. Rc5 Rd8 58. Rc3 Rd2 59. Kxa3 Rf2 60. Kb3 Rf1 61. a4 Ke6 62. a5 Rb1+ 63. Ka4 Kd6 64. a6 Rb8 65. Ka5 Rb1 66. Rc4 Rb8 67. a7 Ra8 68. Kb6 Kd5 69. Rc5+ Ke4 70. Kb7 1-0

[Event "Paulista-chTA"]
[Site "Sao Paulo"]
[Date "2015.02.28"]
[Round "2.4"]
[White "Ribeiro, Luan Lincoln Cunha"]
[Black "Salama, Andre Sasson"]
[Result "0-1"]
[WhiteElo "2031"]
[BlackElo "2124"]
[PlyCount "66"]
[EventDate "2015.02.28"]
[EventType "team-tourn"]
[EventRounds "7"]
[EventCountry "BRA"]
[SourceTitle "EXT 2017"]
[Source "ChessBase"]
[SourceDate "2016.10.25"]
[SourceVersion "1"]
[SourceVersionDate "2016.10.25"]
[SourceQuality "1"]
[WhiteTeam "Circulo Militar II"]
[BlackTeam "Hebraica II"]
[WhiteTeamCountry "BRA"]
[BlackTeamCountry "BRA"]

1. e4 c5 2. Nc3 Nc6 3. f4 g6 4. b3 Bg7 5. Nf3 d6 6. Bb2 Nf6 7. d3 Qa5 8. Qd2 Nd4 9. Nxd4 cxd4 10. Nd5 Qxd2+ 11. Kxd2 Nxd5 12. exd5 0-0 13. Re1 e5 14. fxe5 dxe5 15. g3 b6 16. c4 dxc3+ 17. Bxc3 f6 18. Bg2 Bb7 19. Rhg1 Rfd8 20. g4 Bh6+ 21. Kc2 Bxd5 22. Bxd5+ Rxd5 23. Rgf1 Rc8 24. Re4 Bf4 25. Rfxf4 exf4 26. Rxf4 Rdc5 27. Rc4 Kf7 28. Kd2 b5 29. Rxc5 Rxc5 30. d4 Rg5 31. h3 h5 32. Kd3 hxg4 33. Bd2 gxh3 0-1

[Event "Florianopolis op"]
[Site "Florianopolis"]
[Date "2015.01.15"]
[Round "3"]
[White "Carlesso, Lucas Oliveira"]
[Black "Salama, Andre Sasson"]
[Result "0-1"]
[WhiteElo "1746"]
[BlackElo "1997"]
[PlyCount "88"]
[EventDate "2015.01.14"]
[EventType "swiss"]
[EventRounds "10"]
[EventCountry "BRA"]
[SourceTitle "CBM 164 Extra"]
[Source "ChessBase"]
[SourceDate "2015.03.02"]
[SourceVersion "1"]
[SourceVersionDate "2015.03.02"]
[SourceQuality "1"]

1. e4 c5 2. c3 d5 3. exd5 Qxd5 4. d4 Nf6 5. Nf3 Bg4 6. Be2 e6 7. 0-0 Nc6 8. Be3 cxd4 9. cxd4 Be7 10. Nc3 Qd8 11. Qb3 Qb6 12. Qxb6 axb6 13. d5 Nxd5 14. Nxd5 exd5 15. Bxb6 0-0 16. h3 Be6 17. Nd4 Nxd4 18. Bxd4 Rfc8 19. Rfd1 Bc5 20. Bxc5 Rxc5 21. Bf3 Rc2 22. Bxd5 Bxd5 23. Rxd5 Rxb2 24. Rc1 g6 25. Rc7 Raxa2 26. Rd8+ Kg7 27. Rdd7 Rxf2 28. Rxb7 Rxg2+ 29. Kh1 Rgf2 30. Kg1 Rf5 31. Rd3 Rc5 32. Rd1 Rf5 33. Rdd7 h5 34. Rdc7 Raf2 35. Rd7 h4 36. Rd1 R2f3 37. Kh2 Rg3 38. Rd4 Rf2+ 39. Kh1 Rxh3+ 40. Kg1 Rf5 41. Kg2 Rg3+ 42. Kh2 Rf2+ 43. Kh1 g5 44. Rdd7 h3 0-1

[Event "Sao Paulo Karman Cup 2nd"]
[Site "Sao Paulo"]
[Date "2014.11.22"]
[Round "3"]
[White "Ribeiro, Allysson"]
[Black "Salama, Andre Sasson"]
[Result "0-1"]
[WhiteElo "1887"]
[BlackElo "1990"]
[PlyCount "72"]
[EventDate "2014.11.21"]
[EventType "swiss"]
[EventRounds "6"]
[EventCountry "BRA"]
[SourceTitle "CBM 163 Extra"]
[Source "ChessBase"]
[SourceDate "2014.12.23"]
[SourceVersion "1"]
[SourceVersionDate "2014.12.23"]
[SourceQuality "1"]

1. d4 Nf6 2. c4 e6 3. Nc3 Bb4 4. e3 b6 5. Bd3 Bb7 6. f3 c5 7. Nge2 cxd4 8. exd4 0-0 9. 0-0 d5 10. Bg5 dxc4 11. Bxc4 Be7 12. Re1 Nc6 13. a3 Rc8 14. Ba2 Nd5 15. Bxe7 Ncxe7 16. Qd2 Qd7 17. Rad1 Rfd8 18. Ng3 Qc7 19. Nh5 Nxc3 20. bxc3 Qxc3 21. Qg5 Ng6 22. Re3 Qc2 23. Bb3 Qc7 24. f4 Bd5 25. f5 exf5 26. Bxd5 Rxd5 27. Rde1 Rf8 28. Rd3 h6 29. Qd2 f4 30. Qe2 Qd7 31. Red1 Re8 32. Qf3 Nh4 33. Nf6+ gxf6 34. Qxf4 Ng6 35. Qxh6 Qg4 36. h3 Qg5 0-1

[Event "Sao Paulo Karman Cup 2nd"]
[Site "Sao Paulo"]
[Date "2014.11.21"]
[Round "2"]
[White "Salama, Andre Sasson"]
[Black "Christofoletti, Tulio"]
[Result "1-0"]
[WhiteElo "1990"]
[BlackElo "1870"]
[PlyCount "67"]
[EventDate "2014.11.21"]
[EventType "swiss"]
[EventRounds "6"]
[EventCountry "BRA"]
[SourceTitle "CBM 163 Extra"]
[Source "ChessBase"]
[SourceDate "2014.12.23"]
[SourceVersion "1"]
[SourceVersionDate "2014.12.23"]
[SourceQuality "1"]

1. e4 c6 2. d4 d5 3. Nc3 dxe4 4. Nxe4 Bf5 5. Ng3 Bg6 6. N1e2 e6 7. Nf4 Ne7 8. h4 h6 9. Nxg6 Nxg6 10. h5 Ne7 11. c3 Qc7 12. Qg4 Nd5 13. Bd2 Nd7 14. Bd3 0-0-0 15. 0-0-0 N7f6 16. Qf3 Bd6 17. Ne2 c5 18. g4 cxd4 19. Nxd4 Nf4 20. Bc2 a6 21. Kb1 Kb8 22. Rhe1 N6d5 23. Ne2 Nxe2 24. Qxe2 Qb6 25. Qf3 Ba3 26. Bb3 a5 27. Qxf7 a4 28. Rxe6 Nxc3+ 29. Bxc3 axb3 30. Qf4+ Ka8 31. Qa4+ Kb8 32. Be5+ Bd6 33. Rexd6 bxa2+ 34. Kxa2 1-0

[Event "Sao Paulo Braga op"]
[Site "Sao Paulo"]
[Date "2014.08.03"]
[Round "6"]
[White "Salama, Andre Sasson"]
[Black "Dos Reis, Leandro Aparecido C"]
[Result "1-0"]
[WhiteElo "1977"]
[BlackElo "1944"]
[PlyCount "121"]
[EventDate "2014.08.01"]
[EventType "swiss"]
[EventRounds "6"]
[EventCountry "BRA"]
[SourceTitle "EXT 2016"]
[Source "ChessBase"]
[SourceDate "2015.10.08"]
[SourceVersion "1"]
[SourceVersionDate "2015.10.08"]
[SourceQuality "1"]

1. e4 c6 2. d4 d5 3. Nc3 dxe4 4. Nxe4 Nd7 5. Nf3 Ngf6 6. Ng3 e6 7. Bd3 Bd6 8. 0-0 0-0 9. Re1 Qc7 10. c3 b6 11. Ne4 Nxe4 12. Rxe4 Re8 13. Rh4 Nf8 14. Ng5 f5 15. Nxh7 Nxh7 16. Rxh7 Qf7 17. Rh3 c5 18. dxc5 Bxc5 19. b4 Be7 20. Qf3 Rb8 21. Bf4 Bb7 22. Qe3 Rbc8 23. Be5 Bf6 24. Re1 Rcd8 25. Bc4 Bd5 26. Bb5 Re7 27. c4 Be4 28. Bxf6 Qxf6 29. Qc3 Qxc3 30. Rxc3 Rd2 31. f3 Bb7 32. Ra3 Bc8 33. Kf1 Rb2 34. Ra4 a6 35. Bc6 Rc7 36. b5 Kf7 37. Re2 Rb1+ 38. Kf2 Rc1 39. Ke3 Kf6 40. Kd2 Rh1 41. g3 Bd7 42. Bxd7 Rxd7+ 43. Kc2 axb5 44. cxb5 Rd5 45. Rb4 e5 46. a4 g5 47. Rc4 Rd6 48. Kb3 Rb1+ 49. Rb2 Rf1 50. Rc3 Ra1 51. Rc6 Rad1 52. Rbc2 R1d3+ 53. R2c3 Rxc6 54. bxc6 Rxc3+ 55. Kxc3 Ke6 56. Kc4 Kd6 57. c7 Kxc7 58. Kd5 e4 59. fxe4 f4 60. gxf4 gxf4 61. Kd4 1-0

[Event "Sao Paulo Braga op"]
[Site "Sao Paulo"]
[Date "2014.08.03"]
[Round "5"]
[White "Tsuboi, Edson Kenji"]
[Black "Salama, Andre Sasson"]
[Result "1-0"]
[WhiteElo "2247"]
[BlackElo "1977"]
[PlyCount "87"]
[EventDate "2014.08.01"]
[EventType "swiss"]
[EventRounds "6"]
[EventCountry "BRA"]
[SourceTitle "EXT 2016"]
[Source "ChessBase"]
[SourceDate "2015.10.08"]
[SourceVersion "1"]
[SourceVersionDate "2015.10.08"]
[SourceQuality "1"]

1. c4 Nf6 2. g3 c5 3. Bg2 Nc6 4. Nc3 g6 5. Nf3 Bg7 6. d4 cxd4 7. Nxd4 0-0 8. 0-0 Qb6 9. e3 d6 10. h3 Bd7 11. b3 Rad8 12. Bb2 a6 13. Re1 e5 14. Nxc6 Bxc6 15. e4 Qa5 16. a4 Qc7 17. a5 Ne8 18. Re2 f5 19. Nd5 Qf7 20. exf5 gxf5 21. Kh2 e4 22. Bxg7 Qxg7 23. Raa2 Bxd5 24. Qxd5+ Qf7 25. Qxf7+ Rxf7 26. f3 exf3 27. Bxf3 Nf6 28. Rad2 Kg7 29. Rd4 Rfd7 30. Rf2 d5 31. cxd5 Nxd5 32. Rfd2 Nf6 33. Rxd7+ Rxd7 34. Rxd7+ Nxd7 35. Bxb7 Nc5 36. Bd5 Kf6 37. Bc4 Ke5 38. b4 Nb7 39. Bxa6 Nd6 40. Be2 Kd5 41. b5 Kc5 42. b6 Kc6 43. Bf3+ Kb5 44. b7 1-0

[Event "Sao Paulo Braga op"]
[Site "Sao Paulo"]
[Date "2014.08.01"]
[Round "2"]
[White "Proudian, Armen"]
[Black "Salama, Andre Sasson"]
[Result "1/2-1/2"]
[WhiteElo "2322"]
[BlackElo "1977"]
[PlyCount "97"]
[EventDate "2014.08.01"]
[EventType "swiss"]
[EventRounds "6"]
[EventCountry "BRA"]
[SourceTitle "EXT 2016"]
[Source "ChessBase"]
[SourceDate "2015.10.08"]
[SourceVersion "1"]
[SourceVersionDate "2015.10.08"]
[SourceQuality "1"]

1. e4 e6 2. d4 d5 3. Nd2 dxe4 4. Nxe4 Nd7 5. Bd3 Ngf6 6. Nf3 Nxe4 7. Bxe4 Nf6 8. Bd3 Be7 9. 0-0 0-0 10. Qe2 b6 11. Bg5 Bb7 12. Rad1 Bxf3 13. Qxf3 Qd5 14. Qxd5 Nxd5 15. Bd2 Rfd8 16. c4 Nb4 17. Be4 Rac8 18. a3 f5 19. Bb1 Nc6 20. d5 Ne5 21. Bc3 Nxc4 22. dxe6 g6 23. Rd7 Kf8 24. Rfd1 Nd6 25. Rxd8+ Rxd8 26. f3 Nb5 27. Rxd8+ Bxd8 28. Be5 Ke7 29. Ba2 c5 30. Kf2 Bc7 31. Bg7 Bd6 32. Bh6 Be5 33. b4 Nxa3 34. bxc5 bxc5 35. Ke2 Nb5 36. Kd3 Nd6 37. Bg5+ Bf6 38. Be3 c4+ 39. Bxc4 Nxc4 40. Kxc4 a5 41. Kd5 a4 42. h3 h5 43. g4 fxg4 44. fxg4 hxg4 45. hxg4 Bb2 46. Bc5+ Ke8 47. Kc4 a3 48. Kb3 Kd8 49. Bd6 1/2-1/2

[Event "Sao Paulo op-B U2050"]
[Site "Sao Paulo"]
[Date "2014.04.06"]
[Round "6"]
[White "Tasoko, Toshinobu"]
[Black "Salama, Andre Sasson"]
[Result "1/2-1/2"]
[WhiteElo "1884"]
[BlackElo "1984"]
[PlyCount "110"]
[EventDate "2014.04.03"]
[EventType "swiss"]
[EventRounds "6"]
[EventCountry "BRA"]
[SourceTitle "CBM 159 Extra"]
[Source "ChessBase"]
[SourceDate "2014.04.24"]
[SourceVersion "1"]
[SourceVersionDate "2014.04.24"]
[SourceQuality "1"]

1. e4 c5 2. Nf3 e6 3. Nc3 Nc6 4. Bc4 Nge7 5. d3 d5 6. exd5 exd5 7. Bb5 a6 8. Bxc6+ Nxc6 9. Bd2 Qe7+ 10. Qe2 Qxe2+ 11. Nxe2 Bg4 12. Nfg1 0-0-0 13. f3 Bd7 14. 0-0-0 Bd6 15. Nc3 Ne7 16. Nge2 b5 17. Nf4 Bc6 18. Rhe1 b4 19. Nce2 h5 20. g3 h4 21. g4 Rde8 22. Nh5 Bxh2 23. Nxg7 Reg8 24. Nh5 Bd6 25. Bf4 Kc7 26. d4 c4 27. Bxd6+ Kxd6 28. Nef4 Ng6 29. Nh3 Bd7 30. Nf6 Rg7 31. f4 Ne7 32. Nxd7 Kxd7 33. g5 Nc6 34. f5 Rgg8 35. c3 Re8 36. Kd2 Kd6 37. Rxe8 Rxe8 38. Re1 Rxe1 39. Kxe1 bxc3 40. bxc3 Ne7 41. f6 Ng6 42. Kf2 Ke6 43. Kf3 Kf5 44. a3 a5 45. a4 Nf8 46. Nf4 Nd7 47. g6 Kxf6 48. gxf7 Kxf7 49. Nxd5 Ke6 50. Ke4 Kd6 51. Ne3 Nb6 52. Kf4 h3 53. Kg3 Nxa4 54. Nxc4+ Kd5 55. Nxa5 Nxc3 1/2-1/2

[Event "Sao Paulo Consciencia 1st"]
[Site "Sao Paulo"]
[Date "2013.12.20"]
[Round "3.1"]
[White "Salama, Andre Sasson"]
[Black "Garkauskas, Otto Dmitry"]
[Result "1/2-1/2"]
[WhiteElo "1968"]
[BlackElo "2122"]
[PlyCount "104"]
[EventDate "2013.12.20"]
[EventType "swiss"]
[EventRounds "5"]
[EventCountry "BRA"]
[SourceTitle "EXT 2022"]
[Source "ChessBase"]
[SourceDate "2021.10.06"]
[SourceVersion "1"]
[SourceVersionDate "2021.10.06"]
[SourceQuality "1"]

1. e4 c6 2. d4 d5 3. Nc3 dxe4 4. Nxe4 Nd7 5. Ne2 Ngf6 6. N2g3 e6 7. Bd3 Be7 8. 0-0 0-0 9. c3 c5 10. dxc5 Nxe4 11. Nxe4 f5 12. Nd6 Nxc5 13. Nxc8 Qxc8 14. Bc4 Ne4 15. Qb3 Rf6 16. Bd3 Nc5 17. Qc2 Nxd3 18. Qxd3 Qc6 19. f3 e5 20. Bg5 Rd6 21. Qe3 f4 22. Qxe5 Re6 23. Qf5 Rf8 24. Qg4 Qc5+ 25. Kh1 Rg6 26. Bxe7 Qxe7 27. Rfe1 Qd6 28. Rad1 Qb6 29. Qd7 Qxb2 30. Qd5+ Kh8 31. Qd2 Qa3 32. Re4 Rgf6 33. h3 h6 34. Re2 Rc6 35. Re4 Rxc3 36. Rxf4 Rfc8 37. Rf7 Rc1 38. Rxc1 Qxc1+ 39. Qxc1 Rxc1+ 40. Kh2 Rb1 41. h4 Rb2 42. Kg3 a6 43. a4 Rb4 44. h5 Kg8 45. Rc7 b5 46. axb5 axb5 47. Rb7 Rb2 48. Kf4 Rxg2 49. Rxb5 Kf7 50. Rf5+ Ke6 51. Re5+ Kf6 52. Rf5+ Ke6 1/2-1/2

[Event "Sao Paulo Consciencia 1st"]
[Site "Sao Paulo"]
[Date "2013.12.20"]
[Round "1.4"]
[White "Salama, Andre Sasson"]
[Black "Sakamoto, Rodrigo Koji"]
[Result "1-0"]
[WhiteElo "1968"]
[BlackElo "1685"]
[PlyCount "123"]
[EventDate "2013.12.20"]
[EventType "swiss"]
[EventRounds "5"]
[EventCountry "BRA"]
[SourceTitle "EXT 2022"]
[Source "ChessBase"]
[SourceDate "2021.10.06"]
[SourceVersion "1"]
[SourceVersionDate "2021.10.06"]
[SourceQuality "1"]

1. e4 d5 2. exd5 Qxd5 3. Nc3 Qd6 4. Bc4 Nf6 5. d3 a6 6. Nge2 Nc6 7. Be3 e5 8. Ng3 Na5 9. Bb3 Nxb3 10. axb3 Qc6 11. 0-0 Be6 12. Nce4 Be7 13. Ng5 Bd5 14. f3 h6 15. N5e4 Be6 16. Nd2 Nd5 17. Bf2 Bc5 18. Nc4 f6 19. Qe1 0-0-0 20. Ne4 Bxf2+ 21. Qxf2 Nf4 22. Qa7 Bxc4 23. bxc4 Qb6+ 24. Qxb6 cxb6 25. Kf2 Ne6 26. Nc3 Nd4 27. Rac1 Ne6 28. Ke3 Rhe8 29. Nd5 Rd6 30. Rfe1 Nc7 31. Nc3 Ne6 32. Kf2 Kb8 33. Ne4 Rd7 34. h4 Nc5 35. Nc3 Ne6 36. Nd5 Rd6 37. f4 Nc7 38. fxe5 fxe5 39. Nc3 Rf6+ 40. Kg1 Rf4 41. g3 Rf5 42. Re4 Ne6 43. Nd5 Ka7 44. Rf1 Nd4 45. Rxf5 Nxf5 46. Kg2 Nd6 47. Re2 e4 48. Nc3 exd3 49. Rxe8 Nxe8 50. cxd3 Nd6 51. g4 b5 52. cxb5 Nxb5 53. Nxb5+ axb5 54. Kf3 Kb6 55. Ke4 Kc6 56. Ke5 Kd7 57. Kd5 b6 58. h5 Kc7 59. Ke6 Kc6 60. d4 b4 61. d5+ Kc7 62. Ke7 1-0

[Event "Mogi das Cruzes op 08"]
[Site "Mogi das Cruzes"]
[Date "2013.08.18"]
[Round "6"]
[White "Salama, Andre Sasson"]
[Black "Ribeiro, Allysson"]
[Result "1-0"]
[WhiteElo "1961"]
[BlackElo "1859"]
[PlyCount "89"]
[EventDate "2013.08.16"]
[EventType "swiss"]
[EventRounds "6"]
[EventCountry "BRA"]
[SourceTitle "CBM 155 Extra"]
[Source "ChessBase"]
[SourceDate "2013.08.26"]
[SourceVersion "1"]
[SourceVersionDate "2013.08.26"]
[SourceQuality "1"]

1. e4 e6 2. d3 d5 3. Nd2 c5 4. Ngf3 Nc6 5. g3 d4 6. c3 e5 7. Nc4 f6 8. a4 Na5 9. Nxa5 Qxa5 10. Bd2 Qd8 11. Qe2 Be6 12. Bg2 Bd6 13. 0-0 Ne7 14. Nh4 0-0 15. f4 exf4 16. gxf4 Nc6 17. Nf3 Rc8 18. Rae1 Qd7 19. Kh1 Kh8 20. Qd1 Bg4 21. Qe2 Rce8 22. Qf2 Bc7 23. c4 Ba5 24. Ng1 Nb4 25. Qg3 Bc7 26. Bxb4 cxb4 27. b3 g5 28. Bh3 Bxh3 29. Qxh3 Qc6 30. fxg5 fxg5 31. Ne2 Qd6 32. Ng3 Rf4 33. Nf5 Qe5 34. Rxf4 Qxf4 35. Rf1 Qd2 36. Nh6 Bf4 37. Ng4 Re6 38. Rf2 Qd1+ 39. Kg2 Kg7 40. e5 h5 41. Nf6 Rxf6 42. exf6+ Kxf6 43. Qf3 Qxf3+ 44. Kxf3 a5 45. Ke4 1-0

[Event "Sao Paulo Politechnic School 2nd"]
[Site "Sao Paulo"]
[Date "2013.01.17"]
[Round "8"]
[White "Salama, Andre Sasson"]
[Black "Farah, Daniel Landshoff"]
[Result "1/2-1/2"]
[WhiteElo "1978"]
[BlackElo "1951"]
[PlyCount "22"]
[EventDate "2013.01.12"]
[EventType "tourn"]
[EventRounds "9"]
[EventCountry "BRA"]
[SourceTitle "EXT 2015"]
[Source "ChessBase"]
[SourceDate "2014.11.20"]
[SourceVersion "1"]
[SourceVersionDate "2014.11.20"]
[SourceQuality "1"]

1. e4 c5 2. Nf3 d6 3. Bb5+ Bd7 4. Bxd7+ Qxd7 5. c4 g6 6. Nc3 Bg7 7. 0-0 Nc6 8. Re1 Nf6 9. d4 cxd4 10. Nxd4 0-0 11. f3 Rac8 1/2-1/2

[Event "Sao Paulo Politechnic School 2nd"]
[Site "Sao Paulo"]
[Date "2013.01.16"]
[Round "7"]
[White "Ribeiro, Marcos Willian de S"]
[Black "Salama, Andre Sasson"]
[Result "1/2-1/2"]
[WhiteElo "1963"]
[BlackElo "1978"]
[PlyCount "22"]
[EventDate "2013.01.12"]
[EventType "tourn"]
[EventRounds "9"]
[EventCountry "BRA"]
[SourceTitle "EXT 2015"]
[Source "ChessBase"]
[SourceDate "2014.11.20"]
[SourceVersion "1"]
[SourceVersionDate "2014.11.20"]
[SourceQuality "1"]

1. e4 e6 2. d4 d5 3. Nd2 dxe4 4. Nxe4 Bd7 5. Nf3 Bc6 6. Bd3 Nd7 7. 0-0 Ngf6 8. Ned2 Be7 9. Re1 0-0 10. c3 Bxf3 11. Nxf3 c6 1/2-1/2